Einige Bemerkungen zu einem Vergleichenden Wörterbuch der Russismen in den Türksprachen Sibirien
Elmentve itt :
| Szerző: | |
|---|---|
| Dokumentumtípus: | Könyv része |
| Megjelent: |
2007
|
| Sorozat: | Studia uralo-altaica
47 Turcology in Turkey : selected papers 47 |
| Kulcsszavak: | Turkológia |
| Tárgyszavak: | |
| Online Access: | http://acta.bibl.u-szeged.hu/16646 |
| LEADER | 00773naa a2200217 i 4500 | ||
|---|---|---|---|
| 001 | acta16646 | ||
| 005 | 20220118153215.0 | ||
| 008 | 161015s2007 hu o 0|| ger d | ||
| 022 | |a 0133-4239 | ||
| 040 | |a SZTE Egyetemi Kiadványok Repozitórium |b hun | ||
| 041 | |a ger | ||
| 100 | 1 | |a Dilmaç Elif | |
| 245 | 1 | 0 | |a Einige Bemerkungen zu einem Vergleichenden Wörterbuch der Russismen in den Türksprachen Sibirien |h [elektronikus dokumentum] / |c Dilmaç Elif |
| 260 | |c 2007 | ||
| 300 | |a 171-180 | ||
| 490 | 0 | |a Studia uralo-altaica |v 47 | |
| 490 | 0 | |a Turcology in Turkey : selected papers |v 47 | |
| 650 | 4 | |a Bölcsészettudományok | |
| 650 | 4 | |a Nyelvek és irodalom | |
| 695 | |a Turkológia | ||
| 856 | 4 | 0 | |u http://acta.bibl.u-szeged.hu/16646/1/altaica_047_171-180.pdf |z Dokumentum-elérés |